[Event "EU-chT (Men) 13th"]
[Site "Leon"]
[Date "2001.11.09"]
[Round "4.4"]
[White "Bischoff, Klaus"]
[Black "Van den Doel, Erik"]
[Result "1-0"]
[WhiteElo "2541"]
[BlackElo "2583"]
[Annotator "Ribli,Z"]
[PlyCount "81"]
[EventDate "2001.11.06"]
[EventType "team-swiss"]
[EventRounds "9"]
[EventCountry "ESP"]
[SourceTitle "CBM 086"]
[Source "ChessBase"]
[SourceDate "2002.02.05"]
[SourceVersion "1"]
[SourceVersionDate "2002.02.05"]
[SourceQuality "1"]
[WhiteTeam "Germany"]
[BlackTeam "Netherlands"]
[WhiteTeamCountry "GER"]
[BlackTeamCountry "NED"]

1. c4 e5 2. Nc3 Nf6 3. Nf3 Nc6 4. d3 {Dieser bescheidene Zug führt meines
Erachtens nicht zu Eröffnungsvorteil. Die Alternativen - 4.g3 oder 4.e3 - sind
aktiver.} d5 (4... Bb4 5. Bd2 O-O 6. e3 (6. g3 Re8 $11) 6... Re8 $11) 5. cxd5
Nxd5 6. e3 {Weiß spielt eigentlich die Scheveninger Variante der
Sizilianischen Verteidigung - mit vertauschen Farben, versteht sich. Das damit
einhergehende Mehrtempo bringt Weiß meiner Meinung nach aber nicht viel ein,
denn er hat eine kaum aktive Stellung.} (6. g3) 6... Be7 7. Be2 O-O 8. O-O Be6
9. Qc2 {Das sind alles für die Scheveninger Variante typische Züge. Schwarz
steht aktiv im Zentrum, während Weiß auf den Damenflügel und die halboffene c
- Linie setzt.} f5 10. a3 a5 {Dieser Zug ist zwar nicht schlecht, aber meiner
Meinung nach verdient der prophylaktische Königszug den Vorzug. In einigen
Varianten kann sich Schwarz den Zug a7-a5 nämlich einsparen.} (10... Kh8 $1 11.
Bd2 $5 (11. Na4 $6 Bd6 12. b4 (12. Nc5 $5 Bc8 13. b4 $13) 12... Qf6 13. Bb2
Rae8 14. Nc5 Bc8 15. Qc4 (15. Qb3 $5) 15... Nb6 16. Qc2 Qh6 17. Rfd1 (17. Rad1
$5) 17... Nd5 18. Qc4 $2 (18. Bf1 $5) 18... Nxe3 $1 19. fxe3 e4 {0-1 Kramnik,
V-Beliavsky,A/Groningen 1993/CBM 39/[Ribli] (81)}) 11... Nb6 12. b4 Bf6 13. Bc1
a6 14. Bb2 Qe7 15. Rac1 Rad8 16. Rfd1 Rd7 17. Nd2 {1/2-1/2 Bischoff,K-Veinger,
I/Munich 1987/CBM 03 (34)}) (10... Bf6 11. Na4 $1 Bf7 12. Bd2 a5 13. Rac1 $14 {
Barcza,G-Dely,P/Hungary/1957/}) 11. Bd2 Kh8 {Dieser Königszug ist im Prinzip
immer sinnvoll - der König steht vollkommen sicher auf h8.} (11... Nb6 12. b3
Bf6 13. Na4 (13. Rab1 Qe7 14. Na4 Nd7 15. b4 axb4 16. axb4 e4 17. Ne1 Qf7 18.
Nc3 {1/2-1/2 Spraggett,K-Wilder,M/Toronto 1987/EXT 97 (36)}) 13... e4 14. dxe4
fxe4 15. Qxe4 Bd5 16. Qc2 Bxa1 17. Nxb6 cxb6 18. Rxa1 Qe7 19. Bc3 {1/2-1/2
Bricard,E-Komarov,D/FRA 1998/CBM 64 ext (34)}) 12. Rac1 (12. Nxd5 Bxd5 13. Bc3
Bf6 $11 14. e4 Be6 15. exf5 Bxf5 16. Nd2 Nd4 17. Bxd4 exd4 18. Rac1 $2 (18. Bf3
$5) 18... Bg5 $1 19. Rce1 Ra6 {0-1 Chekhov,V-Yurtaev,L/Riga 1980/MCL (33)})
12... Bf6 $11 {Schwarz hat eine solide Stellung ohne Schwächen erreicht.} 13.
Nxd5 (13. Na4 Qd6 14. Nc5 Bc8 $11) 13... Qxd5 (13... Bxd5 14. e4 (14. Bc3 $11)
14... Be6 $11) 14. e4 {Dieser Zug scheint mir zu direkt - Weiß schwächt damit
aus freien Stücken das Feld d4.} (14. Bc3 $11) 14... Qd6 (14... Qd7 $5 15. exf5
Bxf5 16. Be3 $11) 15. Be3 {Aufgrund von 14...Qd6 kommt dieser Zug mit Tempo Es
droht 15.Bc5..} Rfd8 16. exf5 Bxf5 17. Rfd1 Qd5 (17... a4 $5) 18. Ne1 {Das
Springermanöver 18.Nd2 geht nicht, weil der Pd3 hängen würde. Mit dem Textzug
verteidigt Weiß den Bauern und bereitet Bf3 vor.} Nd4 19. Bxd4 Qxd4 20. Bf3 (
20. Qxc7 Qxb2 21. Bf3 (21. Nc2 $2 Rac8 $19) 21... Qxa3 22. Bxb7 Rab8 $15) 20...
c6 $15 {[%csl Gd4] Schwarz hat das Läuferpaar und starke Kontrolle über das
Feld d4.} 21. Qe2 Qd7 (21... Be6 $15) (21... a4 $15) 22. h3 {Ein Wartezug -
und eventuell kann Weiß mit Bg4 die weißfeldrigen Läufer abtauschen.} (22. Be4)
22... Rf8 23. Be4 (23. Bg4 Bxg4 24. Qxg4 Qxg4 25. hxg4 Rad8 $15) 23... Rae8 (
23... Be6 24. Qh5 (24. Nf3 $11) 24... h6 25. Nf3 $11) (23... Rad8 $5) 24. Bxf5
Qxf5 25. Rc4 $1 $11 {[%mdl 32] Der Turm strebt nach e4. Der Bf6 steht relativ
passiv.} Rd8 26. Re4 {[%csl Ge4] Der Turm steht ausgezeichnet auf e4 - es
droht 27.Nf3 nebst 28.Rde1 - mit starkem Druck gegen den Pe5.} Rd4 27. Nf3 (27.
Rxd4 $6 exd4 $15) 27... Rxe4 28. dxe4 Qe6 29. Qc2 {[%csl Gc2][%cal Gc2c5]
Droht 30.Qc5, mit sehr aktiver weißer Dame.} Qe7 30. Qb3 (30. a4 Qb4) 30... h6
(30... b5 31. Qc3 (31. a4 Qc5 $11) 31... Qc7 $14 (31... b4 32. axb4 Qxb4 33.
Qxb4 axb4 34. Rc1 $16)) 31. a4 Qc5 (31... Rd8 32. Rxd8+ Qxd8 33. Qxb7 Qd1+ 34.
Kh2 Qxa4 35. Qc8+ Kh7 36. Qf5+ Kg8 37. Nxe5 $16) 32. g3 $1 {Weiß verbessert
seine Königsstellung.} (32. Qxb7 Qc2 33. Rd6 Qc1+ (33... Qxe4 $13) 34. Kh2 Qf4+
35. Kh1 Qxe4 $13) 32... Bd8 $6 {[%cal Gd8b6,Gb6g1][%mdl 16384] Schwarz
bereitet 33...Bb6 vor. Der Läufer steht aber in Wirklichkeit gar nicht
besonders gut auf b6.} (32... b6 $11) (32... b5 $11) 33. Kg2 (33. Qxb7 $2 Bb6
34. Nxe5 Qxf2+ 35. Kh1 Qxg3 36. Qxb6 Qxh3+ 37. Kg1 Qg3+ $19) 33... Bb6 (33...
b5 34. axb5 Bb6 35. Rd2 cxb5 36. Rc2 Qd6 37. Qxb5 $16) 34. Rd2 $1 {[%csl Gd2]
Weiß spielt kleine aber feine Züge. Jetzt droht 35.Rc2, und die Dame muss die
Diagonale a7 - g1 verlassen, so dass der Bb6 in der Luft hängt.} Rf6 35. Rc2
$16 Qb4 (35... Qf8 36. Qxb6 Rxf3 37. Qxb7 $18 (37. Qxa5 $18)) (35... Qd6 36.
Qxb6 Rxf3 37. Qxb7 $18) 36. Qxb4 axb4 37. Rc4 {[%csl Rb4]} (37. Nxe5 $16) 37...
g5 (37... c5 38. Nxe5 $18) 38. Rxb4 $18 {Weiß hat einen Bauern mehr und
gewinnt nun einen zweiten hinzu.} Bc5 39. Rxb7 h5 40. b4 Bxf2 41. Nxg5 $1 (41.
Kxf2 g4 42. hxg4 hxg4 43. a5 Rxf3+ 44. Kg2 Ra3 45. Rb6 $18) 1-0

[Event "New York Reshevsky"]
[Site "New York"]
[Date "1992.??.??"]
[Round "9"]
[White "Rohde, Michael A"]
[Black "Gurevich, Ilya"]
[Result "0-1"]
[WhiteElo "2585"]
[BlackElo "2510"]
[Annotator "Ribli,Z"]
[PlyCount "120"]
[EventDate "1992.07.??"]
[EventType "tourn"]
[EventRounds "9"]
[EventCountry "USA"]
[EventCategory "12"]
[SourceTitle "CBM 031"]
[Source "ChessBase"]
[SourceDate "1992.12.01"]
[SourceVersion "1"]
[SourceVersionDate "1992.12.01"]
[SourceQuality "1"]

1. c4 e5 2. Nc3 Nf6 3. Nf3 Nc6 4. e4 Bb4 5. d3 d6 6. g3 O-O (6... Bc5 7. Bg2
Nd4 8. Nxd4 Bxd4 9. O-O (9. h3 a6 $5 $13) 9... Bg4 10. Qb3 $5 Qc8 11. Be3 Bxe3
12. fxe3 h5 13. c5 dxc5 14. Nd5 $36 {Cifuentes Parada,R-De Boer,GJ Wijk-B 1992
CBM/28}) 7. Bg2 h6 (7... Bg4 8. h3 Bxf3 9. Bxf3 Nd4 10. Bg2 a5 11. O-O Bc5 12.
Rb1 c6 13. a3 $14 {Ehlvest,J-Adams,M Terrassa 1991 CBM/24}) 8. O-O Be6 (8...
Bc5 9. h3 Nd4 10. Nxd4 Bxd4 11. Kh2 Nh7 12. Qe2 c6 13. Be3 Qb6 14. Rae1 Bd7 $10
{Cifuentes Parada,R-Epishin,V Groningen op 1990 CBM/22}) 9. Nd5 Bc5 10. h3 a5
11. Be3 Nd7 12. Kh2 Rb8 13. Rc1 Nd4 14. Nxd4 exd4 15. Bd2 c6 16. Nf4 b5 17.
cxb5 Rxb5 18. b3 Ba3 $6 (18... Qb6 19. Nxe6 fxe6 20. Qg4 Rf6 21. f4 $36) 19.
Rxc6 Bc5 20. Nxe6 fxe6 21. a4 Rb8 22. Ra6 $2 (22. Qc2 $1) 22... Bb6 23. b4 axb4
24. a5 Bc5 25. Qb3 Re8 26. Bf4 Qc8 27. Rxd6 Bxd6 28. Bxd6 Qc3 29. Rb1 Nc5 30.
Qd1 (30. Qxc3 bxc3 31. Bxb8 Nxd3 $19) 30... Rb5 31. a6 Nxa6 32. Qa4 Qc6 33. e5
Qb6 34. Rc1 Qa5 35. Qd1 Rd8 36. Qg4 Rxe5 $1 37. Bxe5 Qxe5 38. Be4 Nc5 $1 39.
Rxc5 Qxc5 40. Qxe6+ Kf8 41. h4 Rd6 42. Qa2 Qb5 43. Qa8+ Ke7 44. Qg8 b3 45.
Qxg7+ Kd8 46. Qf8+ Kc7 47. Qf7+ Kb6 48. Qb7+ Ka5 49. Qc7+ Rb6 50. Qa7+ Kb4 51.
Bd5 Qxd5 $1 $19 52. Qxb6+ Kc3 53. Qc7+ Kd2 54. Qf4+ Kc2 55. Qc7+ Kd1 56. Qa7 b2
57. Qa4+ Kc1 58. Qa3 Kc2 59. Qa4+ Qb3 60. Qc6+ Qc3 0-1

[Event "Moscow Aeroflot op-A"]
[Site "Moscow"]
[Date "2003.02.11"]
[Round "1"]
[White "Poluljahov, Aleksandr"]
[Black "Sutovsky, Emil"]
[Result "1/2-1/2"]
[WhiteElo "2527"]
[BlackElo "2651"]
[Annotator "Ribli,Z"]
[PlyCount "78"]
[EventDate "2003.02.10"]
[EventType "swiss"]
[EventRounds "9"]
[EventCountry "RUS"]
[SourceTitle "CBM 094"]
[Source "ChessBase"]
[SourceDate "2003.05.26"]
[SourceVersion "1"]
[SourceVersionDate "2003.05.26"]
[SourceQuality "1"]

1. c4 e5 2. Nc3 Nf6 3. Nf3 Nc6 4. a3 {Dieser Zug wird selten gespielt. Mit
dieser Fortsetzung verhindert Weiß die Moeglichkeit Bb4.} d5 {Das ist die
natuerliche Antwort, aber die Alternative - 4...g6 - kommt auch in Betracht.} (
4... g6) 5. cxd5 Nxd5 6. Qc2 Nxc3 7. bxc3 {Wir haben eigentlich eine Stellung,
was ist typisch - mit umgekehrten Farben in der Paulsen Variante.} (7. dxc3 Bd6
8. g3 (8. e4 $1 $14) 8... Qe7 $1 9. Bg2 e4 10. Ng5 f5 11. f3 h6 12. Nh3 exf3
13. Bxf3 Ne5 $15 {1/2-1/2 Horvath,J-Varga,P/AUT 2002/EXT 2003 (13)}) 7... Bd6
8. g3 (8. e3 O-O 9. d4 $11) 8... Qe7 {[%cal Ge5e4]} (8... O-O 9. Bg2 Qe7 10. d3
Bd7 11. O-O b6 12. Nd2 f5 13. Nc4 Rae8 14. a4 f4 15. a5 Bc5 16. axb6 axb6 17.
Nd2 Qf7 18. Ne4 {1/2-1/2 Wahls,M-Werle,J/Bundesliga 2003 (45)}) (8... b6 9. Bg2
Bb7 10. O-O O-O 11. d4 Qe7 12. Ng5 g6 13. Rd1 Na5 14. Bxb7 Nxb7 15. e4 Rfe8 16.
Re1 f6 17. Nf3 Qf7 {1/2-1/2 Stohl,I-Mikhalchishin,A/Istanbul 2000/EXT 2001 (17)
}) (8... Bg4 9. Bg2 Qd7 10. h3 Bf5 11. d3 f6 12. Nd2 Rb8 13. Rb1 Nd8 14. c4 c6
15. Ne4 Be7 16. Be3 {1-0 Razuvaev,Y-Pieper Emden,C/Germany 1990/GER-chT (45)})
9. d3 b6 {Das ist eine gute Idee, dass Schwarz entwickelt seinen Läufer auch
auf die lange Diagonale und auf diese Weise neutralisiert er den Bg2.} (9...
O-O 10. Bg2 Bd7 11. O-O Na5 12. Nd2 c5 13. Ne4 f5 14. Nxd6 Qxd6 15. f4 Rae8 16.
fxe5 Qxe5 17. Rf2 Bc6 $13 {1-0 Vaganian,R-Chernin,A/Nabereznye Chelny 1988/TD 
(44)}) 10. Bg2 Bb7 11. O-O O-O $11 {Schwarz hat keine Probleme, seine Stellung
ist fest.} 12. e4 (12. Nd2 f5 $11) 12... Bc5 $1 {[%csl Gc5][%cal Gc5g1]
Schwarz verhindert die Moeglichkeit 13.d4, wonach Weiß Zentrumsvorteil
bekommen hätte. Der c5B steht ausgezeichnet.} 13. Rd1 (13. Nd2 {[%cal Gd2b3,
Gb3c5]} Na5 $15) 13... Rad8 14. Bb2 Qf6 $6 {Schwarz moechte den
Zentrumsdurchbruch verhindern, aber der Textzug verhindert nicht d3-d4, weil
Schwarz nicht auf d4 nehmen kann (wegen des Motivs e5!).} (14... Na5 $5 15.
Nxe5 Qxe5 16. d4 Qh5 17. dxc5 Qxc5 $15) 15. Rac1 (15. d4 $1 Bd6 $14 (15... exd4
16. cxd4 Rxd4 (16... Bxd4 17. e5 $18) (16... Nxd4 17. Bxd4 Bxd4 18. Nxd4 Rxd4
19. e5 $18 {[%cal Re5f6,Rg2b7]}) 17. Nxd4 Nxd4 18. Qd3 Nf3+ (18... Rd8 19. e5
$18) 19. Qxf3 Qxb2 $14)) 15... Bc8 {[%cal Gc8g4,Gg4d1]} 16. d4 Bg4 $1 $15 {
[%csl Rf3][%cal Gg4d1][%mdl 2048] Die Fesselung des Nf3 ist sehr unangenehm
fuer Weiß.} (16... exd4 17. cxd4 Nxd4 18. Nxd4 Bxd4 19. Bxd4 (19. Rxd4 Rxd4 20.
Qxc7 Be6 (20... Rd1+ $2 21. Rxd1 Qxb2 22. Rd8 $18) 21. Bxd4 (21. Qxa7 $2 Qh6
$15) 21... Qxd4 22. Qxa7 Qb2 $14) 19... Rxd4 20. Rxd4 Qxd4 21. Qxc7 Be6 (21...
b5 $4 22. Qxc8 $18) 22. Qxa7 Qb2 $14) 17. Rd3 (17. dxc5 $6 Bxf3 $17) 17... exd4
(17... Qd6 {[%cal Gd6d3,Gd6a3]} 18. Rcd1 Bxa3 19. dxe5 Qe7 $15) 18. cxd4 Nxd4
19. Bxd4 Bxd4 20. Rxd4 Rxd4 21. Nxd4 Qxd4 22. Qxc7 $11 {Nach den
Vereinfachungen steht Schwarz noch etwas aktiver, hat aber nichts Konkretes.}
Qb2 (22... b5 23. Qc3 $11) 23. Qc3 Qxc3 24. Rxc3 {[%mdl 4096]} Rd8 {[%cal
Rd8d1,Rd1g1]} (24... Rc8 25. Rxc8+ Bxc8 26. f4 {[%cal Gg1f2,Gf2e3,Ge3d4]} Kf8
27. Kf2 Ke7 28. Ke3 Kd6 29. Kd4 $11) 25. Bf1 (25. h3 $11) 25... Rd4 26. f3 Be6
27. h4 (27. Kf2 $11) 27... Rd2 28. Rd3 Rxd3 29. Bxd3 {In dieser
Endspielstellung kann der weiße Koenig das Feld d4 schnell erreichen,
anderseits sind die entfernten schwarzen Bauern am Damenfluegel gefährlich.
Die Chancen sind etwa gleich.} Kf8 30. Kf2 Ke7 31. Ke3 Kd6 32. Kd4 Kc6 $6 {
[%cal Gb6b5,Ga7a5]} (32... f6 $11) 33. f4 b5 34. f5 (34. e5 g6 $11) 34... Bb3
35. e5 a5 36. g4 b4 37. axb4 axb4 38. g5 Ba2 39. h5 (39. f6 g6 40. h5 Be6 $11)
39... Kd7 (39... Kd7 40. Kc5 (40. Bc4 Bxc4 41. Kxc4 g6 $11 42. e6+ $2 Ke7 $19)
40... b3 41. Bc4 Bb1 42. Bxb3 Bxf5 43. Bxf7 h6 44. gxh6 gxh6 45. Kd5 Ke7 $11)
1/2-1/2

[Event "RUS-chT 07th"]
[Site "Smolensk"]
[Date "2000.04.19"]
[Round "5"]
[White "Chernyshov, Konstantin"]
[Black "Rublevsky, Sergei"]
[Result "0-1"]
[WhiteElo "2544"]
[BlackElo "2662"]
[Annotator "Ribli,Z"]
[PlyCount "88"]
[EventDate "2000.04.15"]
[EventType "team-tourn"]
[EventRounds "11"]
[EventCountry "RUS"]
[SourceTitle "CBM 077"]
[Source "ChessBase"]
[SourceDate "2000.07.27"]
[SourceVersion "1"]
[SourceVersionDate "2000.07.27"]
[SourceQuality "1"]
[WhiteTeam "Voronezh OShK"]
[BlackTeam "Tomsk 400"]
[WhiteTeamCountry "RUS"]
[BlackTeamCountry "RUS"]

1. c4 e5 2. Nc3 Nf6 3. Nf3 Nc6 4. d4 {Dieser Zug wurde erstmals von
Großmeister Akiba Rubinstein im Jahre 1924 gespielt. Weiß öffnet das Spiel und
bekommt Raumvorteil, aber er muss mit strukturellen Schwächen rechnen.} exd4 5.
Nxd4 Bb4 6. Bg5 {Die Alternative 6.g3 wird selten gespielt. In diesem Fall hat
Schwarz viele gute Fortsetzungsmöglichkeiten - 6...0-0, 6...Ne5 und 6...Ne4.}
h6 7. Bh4 Bxc3+ (7... O-O 8. Rc1) 8. bxc3 {Das ist die Grundstellung der
Variante mit 4.d4. Weiß hat einen Doppelbauern auf der c-Linie, aber die
Fesslung des Nf6 scheint unangenehm für Schwarz.} O-O (8... Ne5 9. f4 $5 Ng6 (
9... Nxc4 $2 10. e4 $16 {Vakhidov,T-Ajapbergenov,A/Bishkek zt/1993/CBM35/}) 10.
Bxf6 Qxf6 11. g3 Nf8 $1 12. Bg2 Ne6 13. O-O O-O 14. Qd2 (14. e4 d6 15. Qd2 Nc5
16. Rae1 (16. Nb3 $6 Na4 {[%csl Rc3]} 17. Rac1 Be6 18. Qd4 c5 $1 $15 {0-1
Shahade,G-Akopian,V/New York 1998/CBM 64/[Ribli] (42)}) (16. Rae1 {1/2-1/2
Kramnik,V-Karpov,A/Las Palmas 1996/Inf 68/[Vaganian,R] (21)}) 16... Re8 17. Nb5
Qd8 18. e5 a6 19. Nxc7 Qxc7 20. exd6 Qd8 21. Rxe8+ Qxe8 22. Re1 Qd8 {0-1 Izeta
Txabarri,F-Gomez Esteban,J/Elgoibar 1999/CBM 75 (42)}) 14... d6 15. Nb5 $6 (15.
Nb3 Rb8 16. f5 Ng5 17. Qd4 Qxd4+ 18. cxd4 Re8 19. Rae1 b6 20. Bc6 (20. e4 Ba6
21. Nd2 c5 22. d5 b5 $13) 20... Bb7 $1 21. Bxb7 Rxb7 22. d5 Ne4 23. Rc1 Rbb8
24. Rc2 Nf6 {1/2-1/2 Vaganian,R-Tukmakov,V/Rostov/1993/ (24)}) 15... a6 16. f5
(16. Nd4 {Ribli} Nc5 $15) 16... axb5 17. fxe6 Qxe6 18. cxb5 {1/2-1/2 Ftacnik,
L-Sherbakov,R/Koszalin 1999/CBM 73/[Ftacnik] (58)}) 9. Nxc6 $6 {Mit diesem und
den folgenden Zügen versucht Weiß die Stellung zu vereinfachen. Meiner Meinung
nach bietet dieser Zug Weiß keine Chancen auf Eröffnungsvorteil.} (9. e3 Re8
10. Be2 d6 $6 (10... Ne5 $5) 11. Nxc6 $1 bxc6 12. Bf3 Bd7 13. c5 $14 {Korchnoi,
V-Piket,J/Wijk aan Zee 1997/Inf 68/[Piket,Je] (21)}) 9... dxc6 10. Qxd8 (10.
Qd4 $5 Qe7 (10... Qxd4 $2 11. cxd4 $14) 11. Bxf6 gxf6 12. Qf4 Qe5 13. Qg3+ Kh7
14. Qxe5 fxe5 15. O-O-O Be6 16. e3 Rad8 17. Rxd8 Rxd8 18. Be2 {1/2-1/2 Nielsen,
P-Yakovich,Y/Gistrup 1996/CBM 55 (37)}) 10... Rxd8 11. f3 (11. Bxf6 gxf6 $15 {
Beide Spieler haben eine schlechte Bauernstruktur, aber der schwarze
Doppelbauer ist weniger schwach, weil der König ihn von g7 aus gut verteidigen
kann. Auf der anderen Seite kann Schwarz durch den Aufbau mit c5-b6 den weißen
Pc4 angreifen. Zudem hat Schwarz die Chance, seinen Doppelbauern (nach f6-f5)
abzutauschen, während die Bauern auf c3 und c4 "ewige" Schwächen bleiben.})
11... Be6 12. e4 c5 $5 {[%csl Rc3,Rc4] Schwarz legt den weißen Doppelbauern
fest - und bringt damit eine Verbesserung seiner früheren Spielweise.} (12...
Rd7 13. Bf2 Rad8 14. Be3 b6 15. c5 Re7 16. Be2 Nd7 17. cxb6 axb6 18. Kf2 Ra8
19. a4 Ra5 20. c4 Nc5 21. Bd2 Rxa4 22. Rxa4 Nxa4 23. Ra1 Rd7 24. Bf4 Nc3 {
0-1 Yermolinsky,A-Rublevsky,S/Las Vegas 1999/CBM 72 (49)}) 13. g4 (13. Bxf6
gxf6 $15) (13. e5 g5 14. exf6 (14. Bxg5 hxg5 15. exf6 Kh7 $15 {[%csl Rf6][%cal
Rg6f6,Rh7g6]}) 14... gxh4 $15) 13... Rd7 {[%cal Ra8d8,Rd8d1]} 14. Rd1 Rxd1+ 15.
Kxd1 Nd7 $15 {[%cal Gd7b6,Gb6c4] Weiß hat zwar das Läuferpaar, aber die
Stellung ist eher von geschlossenem Charakter. Zudem spielt der Bf1 eine
passive Rolle.} 16. Bg3 Rc8 (16... c6 $6 {[%csl Yd6][%cal Gg3b8]}) 17. Kc2 Nb8
{[%csl Rc4][%cal Gb8c6,Gc6a5,Ga5c4][%mdl 32] Der Springer zielt nach a5, von
wo aus er den Pc4 angreifen wird.} 18. Be2 Nc6 19. Rb1 Na5 20. Rb5 b6 21. Rxa5
$8 {[%mdl 512] Das ist die einzige Chance für Weiß in dieser Stellung.
Ansonsten erobert Schwarz den Pc4, ohne dass Weiß Gegenspiel erlangt.} bxa5 22.
Bf2 a6 23. Bxc5 (23. h4 $5 $15 {Weiß muss sich nicht beeilen - der Pc5 ist
ohnehin nicht zu verteidigen.}) 23... g5 24. Be7 Rb8 {[%cal Gb8b1] Schwarz
kontrolliert die wichtige offene b-Linie.} 25. h4 {Weiß möchte -
verständlicherweise -das Material reduzieren.} gxh4 26. Bxh4 a4 {[%cal Ra4a3]
Es droht 27...a3 und 28...Rb2+ mit Gewinn.} 27. Be7 Rb6 {[%csl Rc4][%cal Rb6c6,
Rc6c4]} 28. f4 (28. a3 Rc6 29. c5 Bb3+ 30. Kd2 f6 $19 {[%csl Re7][%cal Rg8f7,
Rf7e7]}) 28... Rc6 29. c5 Bxa2 $17 {Schwarz hat eine ganze Qualität mehr, aber
wegen seines Doppelbauern auf der a-Linie fällt der Gewinn nicht leicht.} 30.
f5 $6 (30. e5 $5 {[%csl Rc6]}) 30... f6 {[%cal Rg8f7,Rf7e7]} 31. Bf3 Kf7 32.
Bxf6 {Das war die Pointe des weißen Spiels. Dieser Zug ist schön, aber am Ende
gelangt Schwarz in ein gewonnenes Endspiel.} (32. e5 Bb3+ 33. Kb2 Kxe7 34. Bxc6
fxe5 $19) 32... Rxf6 (32... Kxf6 33. e5+ {[%cal Re5f6,Rf3c6]} Kxe5 34. Bxc6 $15
) 33. e5 Re6 $1 34. fxe6+ Kxe6 {[%csl Re5] Schwarz gewinnt den Pe5, und dank
seines aktiven Königs steht er auf Gewinn.} 35. Bb7 a5 36. Kb2 Bb3 37. Ka3 Kxe5
$19 {[%csl Ge5]} 38. Bc6 Kf4 39. Bd7 (39. Bxa4 Bxa4 40. Kxa4 Kxg4 41. Kxa5 h5
$19) 39... Bd1 {[%csl Rg4]} 40. c6 Ke5 (40... Bxg4 41. Kxa4 (41. Be8 Bd1 $19 (
41... h5 42. Bxh5 Bxh5 43. Kxa4 Ke5 $19)) 41... h5 $19) 41. Bc8 Kd6 42. Bd7 Kc5
43. Be8 (43. Kb2 Bf3 $19) 43... Bxg4 44. Kxa4 Kb6 $1 {[%csl Rc6][%cal Rg4f3,
Rf3c6,Rh6h5,Rh5h4,Rh4h3,Rh3h2,Rh2h1]} (44... h5 45. Kxa5 h4 46. Bd7 Bf3 $19)
0-1

[Event "Tel Aviv ASA"]
[Site "Tel Aviv"]
[Date "1994.??.??"]
[Round "5"]
[White "Rechlis, Gad"]
[Black "Soffer, Ram"]
[Result "0-1"]
[WhiteElo "2510"]
[BlackElo "2520"]
[Annotator "Ribli,Z"]
[PlyCount "72"]
[EventDate "1994.04.??"]
[EventType "tourn"]
[EventRounds "9"]
[EventCountry "ISR"]
[EventCategory "10"]
[SourceTitle "CBM 042"]
[Source "ChessBase"]
[SourceDate "1994.10.01"]
[SourceVersion "1"]
[SourceVersionDate "1994.10.01"]
[SourceQuality "1"]

1. c4 Nf6 2. Nc3 e5 3. Nf3 Nc6 4. e3 Bb4 5. Nd5 $6 e4 6. Ng1 O-O 7. a3 Bd6 8.
Qc2 Re8 9. Ne2 b5 $1 (9... Be5 10. Ng3 d6 11. Be2 $1 $14 {Salov,V-Epishin,V/
Wijk aan Zee/1992/CBM28/}) 10. Nec3 (10. Nxf6+ Qxf6 11. c5 Be5 12. Ng3 Bb7 13.
Be2 Bxg3 14. hxg3 Ne5 $36 {Salov,V-Gelfand,B/Linares/1992/CBM28/}) 10... bxc4
11. Bxc4 (11. Nxf6+ Qxf6 12. Nxe4 Qg6 $17) 11... Bb7 12. b3 (12. Nxf6+ Qxf6 13.
Nxe4 Qg6 $17) 12... Nxd5 13. Bxd5 (13. Nxd5 Be5 14. Bb2 Bxb2 15. Qxb2 Ne5 $17)
13... Qg5 14. Bb2 (14. Bxe4 Nd4 $1 15. exd4 Bxe4 16. Nxe4 Qxg2 $19) 14... Nd4
$1 (14... Qxg2 $2 15. O-O-O $44) 15. exd4 Bxd5 16. Nxd5 Qxd5 17. O-O Rab8 $5
18. b4 Re6 $15 19. Rfe1 Rbe8 20. Re3 Qh5 21. h3 (21. Rh3 Qg5 $17) 21... Bf4 22.
Qc5 (22. Rb3 Rg6 $17) 22... d5 $1 (22... Qxc5 23. dxc5 Bxe3 24. dxe3 $15) 23.
Rae1 Bxe3 (23... Rg6 $2 24. Rxe4 $1) 24. dxe3 Rg6 25. Kh2 Qf5 26. Rf1 a6 27.
Kh1 (27. Qxc7 Rc8 28. Qa7 h6 $19) 27... h6 28. Qc2 (28. Qxc7 Rc8 29. Qa7 Rc2
$19) 28... Ree6 29. Qxc7 Rxg2 $1 30. Qc8+ (30. Kxg2 Qf3+ 31. Kh2 Rg6 $19) 30...
Kh7 31. Qxe6 fxe6 32. Kxg2 Qf3+ 33. Kg1 Qxh3 34. Rc1 h5 35. Bc3 h4 36. Rf1 Qf3
0-1